Origin Of Psychology in Indian Peninsula/ (Record no. 213025)

MARC details
000 -LEADER
fixed length control field 00649nam a22001937a 4500
005 - DATE AND TIME OF LATEST TRANSACTION
control field 20250820113053.0
010 ## - LCCN (DPL NO)
LC control number ENG-146483
020 ## - INTERNATIONAL STANDARD BOOK NUMBER
International Standard Book Number 9789360391942
Terms of availability 1.00
035 ## - SYSTEM CONTROL NUMBER
System control number EN-130015
037 ## - SOURCE OF ACQUISITION
Source of stock number/acquisition DBAD
082 ## - DEWEY DECIMAL CLASSIFICATION NUMBER
Classification number 370.15
Edition number 1
100 ## - MAIN ENTRY--PERSONAL NAME
Personal name Srinivas Kumar
245 ## - TITLE STATEMENT
Title Origin Of Psychology in Indian Peninsula/
Statement of responsibility, etc Srinivas Kumar
260 ## - PUBLICATION, DISTRIBUTION, ETC. (IMPRINT)
Place of publication, distribution, etc Kolkata
Name of publisher, distributor, etc Eastern Law House
Date of publication, distribution, etc 2025
260 ## - PUBLICATION, DISTRIBUTION, ETC. (IMPRINT)
Place of publication, distribution, etc Andhra Pradesh
Name of publisher, distributor, etc School of Education & HRD Dravidian Univerisity
Date of publication, distribution, etc 2025
270 ## - ADDRESS
Address Srinivasanam, Kuppam, Chittor District
City Andhra Pradesh
Postal code 517426
300 ## - PHYSICAL DESCRIPTION
Extent viii, 104p.
Dimensions 20cm(pb)
942 ## - ADDED ENTRY ELEMENTS (KOHA)
Source of classification or shelving scheme Dewey Decimal Classification
Item type English Books
Classification part 370.15
Call number suffix SRI
Holdings
Withdrawn status Lost status Not for loan Collection code Home library Current library Date acquired Source of acquisition Cost, normal purchase price Full call number Barcode Copy number Cost, replacement price Koha item type
      Non-fiction Mobile Library Mobile Library 20/08/2025 Delivery of Books Act Division 1.00 370.15 SRI EN-130015 1 1.00 English Books

© Delhi Public Library
Hit Counter
free hit counter